[Event "ROM-ch sf"]
[Site "Sovata"]
[Date "2001.03.14"]
[Round "6"]
[White "Ciuca, Catalin"]
[Black "Popescu, Daniel Dorin"]
[Result "1-0"]
[WhiteElo "2065"]
[BlackElo "2356"]
[PlyCount "77"]
[EventDate "2001.03.10"]
[EventType "swiss"]
[EventRounds "11"]
[EventCountry "ROU"]
[SourceTitle "EXT 2008"]
[Source "ChessBase"]
[SourceDate "2007.11.25"]
[SourceVersion "1"]
[SourceVersionDate "2007.11.25"]
[SourceQuality "1"]

1. d4 Nf6 2. Nf3 g6 3. Bf4 Bg7 4. e3 0-0 5. Be2 c5 6. 0-0 cxd4 7. exd4 d5 8. c3 Qb6 9. Qb3 Nbd7 10. Nbd2 Nh5 11. Bg3 Nxg3 12. hxg3 Qxb3 13. axb3 Nf6 14. Ne5 h5 15. Rfe1 Bf5 16. b4 Bh6 17. Nb3 b6 18. Nc6 Bc2 19. Bd1 Bxd1 20. Nxe7+ Kh7 21. Raxd1 Rfe8 22. Nc6 a6 23. Ne5 Kg7 24. f3 g5 25. Ra1 g4 26. Kf2 Re6 27. Nd3 Rae8 28. Rxe6 Rxe6 29. Ne5 h4 30. gxh4 gxf3 31. gxf3 Nh5 32. Rxa6 f6 33. Nd3 Be3+ 34. Kg2 Kh6 35. Nbc5 Re7 36. Rxb6 Rg7+ 37. Kf1 Ng3+ 38. Ke1 Re7 39. Rxf6+ 1-0

[Event "ROM-ch sf"]
[Site "Sovata"]
[Date "2001.03.12"]
[Round "3"]
[White "Popescu, Daniel Dorin"]
[Black "Stanculescu, Claudiu"]
[Result "1-0"]
[WhiteElo "2356"]
[BlackElo "2138"]
[PlyCount "69"]
[EventDate "2001.03.10"]
[EventType "swiss"]
[EventRounds "11"]
[EventCountry "ROU"]
[SourceTitle "EXT 2008"]
[Source "ChessBase"]
[SourceDate "2007.11.25"]
[SourceVersion "1"]
[SourceVersionDate "2007.11.25"]
[SourceQuality "1"]

1. d4 c5 2. e3 d5 3. Nf3 Nf6 4. c3 Bf5 5. Bd3 g6 6. 0-0 Nbd7 7. Qe2 c4 8. Bxf5 gxf5 9. b3 b5 10. Ba3 Bh6 11. Ne5 Nxe5 12. dxe5 Nd7 13. f4 Qb6 14. Kh1 Nc5 15. Bxc5 Qxc5 16. b4 Qc6 17. Nd2 e6 18. Nf3 a5 19. a3 Bf8 20. Nd4 Qb6 21. Rfb1 Kd7 22. Qh5 Ke8 23. g4 fxg4 24. f5 exf5 25. e6 Ra7 26. bxa5 Qd6 27. Rxb5 Qe5 28. Qxf5 Qxf5 29. Rb8+ Ke7 30. Nxf5+ Kxe6 31. Nd4+ Kd7 32. Rf1 Rxa5 33. Rxf7+ Kd6 34. Rb6+ Ke5 35. Re6# 1-0

[Event "Parthenay IM"]
[Site "Parthenay"]
[Date "2000.07.13"]
[Round "7"]
[White "Bouvier, Bruno"]
[Black "Popescu, Daniel Dorin"]
[Result "0-1"]
[WhiteElo "2298"]
[BlackElo "2353"]
[PlyCount "112"]
[EventDate "2000.07.08"]
[EventType "tourn"]
[EventRounds "9"]
[EventCountry "FRA"]
[EventCategory "4"]
[SourceTitle "EXT 2001"]
[Source "ChessBase"]
[SourceDate "2000.11.22"]
[SourceVersion "1"]
[SourceVersionDate "2000.11.22"]
[SourceQuality "1"]

1. e4 g6 2. d4 c6 3. Nc3 Bg7 4. Nf3 d6 5. h3 b5 6. Bd3 Nd7 7. Be3 Nb6 8. a4 b4 9. Ne2 a5 10. 0-0 Nf6 11. c3 bxc3 12. bxc3 0-0 13. Qd2 Ba6 14. Bxa6 Rxa6 15. Qd3 Ra8 16. Rfb1 d5 17. Nd2 Nfd7 18. c4 dxc4 19. Nxc4 Nc5 20. Qc2 Nxc4 21. Qxc4 Nxe4 22. Qxc6 Nd6 23. Ra2 Rb8 24. Rd1 Nf5 25. Qe4 Rb4 26. Bd2 Nxd4 27. Bxb4 Nf3+ 28. gxf3 Qxd1+ 29. Kg2 axb4 30. Qxb4 Qd5 31. Ra3 Qg5+ 32. Qg4 Qc5 33. Rb3 h5 34. Qf4 Qc2 35. Re3 e6 36. Qe4 Qc5 37. f4 Rd8 38. Rb3 Qa5 39. Rb5 Qe1 40. Rb1 Qa5 41. Rb5 Qa6 42. Rb4 Rd2 43. Ng1 Qa7 44. Ne2 Ra2 45. Rc4 Qd7 46. Nd4 Rxa4 47. Nf3 Ra1 48. Qc2 Bf6 49. Rc8+ Kg7 50. Qc5 Qe7 51. Qb5 Rd1 52. Re8 Qd6 53. Qb7 Qd3 54. f5 Qf1+ 55. Kg3 h4+ 56. Kf4 Qc4+ 0-1

[Event "Parthenay IM"]
[Site "Parthenay"]
[Date "2000.07.12"]
[Round "6"]
[White "Popescu, Daniel Dorin"]
[Black "Balogh, Tomas"]
[Result "1/2-1/2"]
[WhiteElo "2353"]
[BlackElo "2421"]
[PlyCount "28"]
[EventDate "2000.07.08"]
[EventType "tourn"]
[EventRounds "9"]
[EventCountry "FRA"]
[EventCategory "4"]
[SourceTitle "EXT 2001"]
[Source "ChessBase"]
[SourceDate "2000.11.22"]
[SourceVersion "1"]
[SourceVersionDate "2000.11.22"]
[SourceQuality "1"]

1. d4 d6 2. c4 e5 3. Nf3 e4 4. Nfd2 f5 5. Nc3 Nf6 6. e3 c6 7. Be2 d5 8. Qb3 Be7 9. f3 Na6 10. 0-0 Nc7 11. a4 Rb8 12. a5 Be6 13. Qc2 0-0 14. b3 Re8 1/2-1/2

[Event "Parthenay IM"]
[Site "Parthenay"]
[Date "2000.07.09"]
[Round "2"]
[White "Popescu, Daniel Dorin"]
[Black "Doornbos, Yann"]
[Result "1/2-1/2"]
[WhiteElo "2353"]
[BlackElo "2356"]
[PlyCount "21"]
[EventDate "2000.07.08"]
[EventType "tourn"]
[EventRounds "9"]
[EventCountry "FRA"]
[EventCategory "4"]
[SourceTitle "EXT 2001"]
[Source "ChessBase"]
[SourceDate "2000.11.22"]
[SourceVersion "1"]
[SourceVersionDate "2000.11.22"]
[SourceQuality "1"]

1. e4 d6 2. Nc3 Nf6 3. f4 Bg4 4. Nf3 c6 5. h3 Bxf3 6. Qxf3 e5 7. d3 Qb6 8. g4 exf4 9. g5 Nfd7 10. Qxf4 Be7 11. Nd1 1/2-1/2

[Event "Revelionul Mileniului rapid"]
[Site "Revelionul"]
[Date "2000.??.??"]
[Round "?"]
[White "Popescu, Daniel Dorin"]
[Black "Catereniuc, Dragos"]
[Result "1/2-1/2"]
[WhiteElo "2350"]
[BlackElo "2195"]
[PlyCount "85"]
[EventDate "2000.??.??"]
[EventType "swiss"]
[EventRounds "7"]
[EventCountry "ROU"]
[SourceTitle "EXT 2004"]
[Source "ChessBase"]
[SourceDate "2003.11.25"]
[SourceVersion "1"]
[SourceVersionDate "2003.11.25"]
[SourceQuality "1"]

1. e4 e6 2. d3 d5 3. Nd2 Nf6 4. Ngf3 c5 5. g3 Nc6 6. Bg2 Be7 7. 0-0 0-0 8. Re1 Re8 9. c3 b5 10. e5 Nd7 11. Nf1 a5 12. h4 b4 13. N1h2 a4 14. a3 Qb6 15. axb4 cxb4 16. Rxa4 Rxa4 17. Qxa4 Nc5 18. Qd1 Ba6 19. Bf1 Rc8 20. Ng4 Qa5 21. c4 dxc4 22. dxc4 Rd8 23. Qe2 h5 24. Ne3 b3 25. Rd1 Rxd1 26. Nxd1 Qc7 27. Bg5 Bf8 28. Nc3 Na5 29. Nb5 Qd7 30. Nfd4 Nc6 31. Nxc6 Qxc6 32. Bg2 Qd7 33. Qxh5 Qd3 34. Bf1 Qe4 35. Qe2 Qb1 36. Nd6 Bb7 37. Nxb7 Nxb7 38. Be3 Nc5 39. Kh2 Qc2 40. Bd4 Na4 41. h5 Bc5 42. Bxc5 Nxc5 43. Qe3 1/2-1/2

[Event "Creon op 5th"]
[Site "Creon"]
[Date "2000.??.??"]
[Round "7"]
[White "Popescu, Daniel Dorin"]
[Black "Dumitrache, Dragos Nicolae"]
[Result "0-1"]
[WhiteElo "2353"]
[BlackElo "2443"]
[PlyCount "56"]
[EventDate "2000.07.31"]
[EventType "swiss"]
[EventRounds "9"]
[EventCountry "FRA"]
[SourceTitle "EXT 2001"]
[Source "ChessBase"]
[SourceDate "2000.11.22"]
[SourceVersion "1"]
[SourceVersionDate "2000.11.22"]
[SourceQuality "1"]

1. e4 c5 2. Nf3 d6 3. d4 Nf6 4. Nc3 cxd4 5. Nxd4 g6 6. Be3 Bg7 7. f3 0-0 8. Qd2 Nc6 9. 0-0-0 Nxd4 10. Bxd4 Be6 11. g4 Qa5 12. a3 Rab8 13. h4 b5 14. h5 b4 15. Nb1 Rfc8 16. hxg6 fxg6 17. g5 Nh5 18. Bxg7 Kxg7 19. f4 Bb3 20. Bd3 Qa4 21. Rxh5 gxh5 22. Rh1 Ba2 23. f5 bxa3 24. f6+ Kh8 25. Rxh5 exf6 26. g6 Rc7 27. Qf4 axb2+ 28. Kd2 Qd4 0-1

[Event "ROM-ch sf"]
[Site "Baile Tusnad"]
[Date "2000.??.??"]
[Round "2"]
[White "Popescu, Daniel Dorin"]
[Black "Rusan, Paul Cristian"]
[Result "1/2-1/2"]
[WhiteElo "2373"]
[BlackElo "2225"]
[PlyCount "135"]
[EventDate "2000.05.??"]
[EventType "swiss"]
[EventRounds "11"]
[EventCountry "ROU"]
[SourceTitle "EXT 2001"]
[Source "ChessBase"]
[SourceDate "2000.11.22"]
[SourceVersion "1"]
[SourceVersionDate "2000.11.22"]
[SourceQuality "1"]

1. e4 c5 2. Nf3 Nc6 3. Bb5 g6 4. Bxc6 dxc6 5. d3 Bg7 6. Nc3 e5 7. Be3 Qe7 8. h3 Nf6 9. Qd2 0-0 10. Bh6 Rd8 11. Bxg7 Kxg7 12. Qg5 Re8 13. g4 h6 14. Qe3 h5 15. g5 Nd7 16. 0-0-0 b5 17. Ne2 b4 18. Nh4 a5 19. Ng3 Nf8 20. Nhf5+ gxf5 21. exf5 Kh8 22. h4 b3 23. axb3 a4 24. Qf3 axb3 25. Qxh5+ Nh7 26. g6 fxg6 27. fxg6 c4 28. Qxh7+ Qxh7 29. gxh7 Bg4 30. Rde1 Bf3 31. Rhg1 bxc2 32. Kxc2 cxd3+ 33. Kxd3 e4+ 34. Ke3 Rab8 35. Nf5 Rxb2 36. Rg8+ Rxg8 37. hxg8Q+ Kxg8 38. Ne7+ Kh7 39. Nxc6 Rb6 40. Rc1 Kh6 41. Kf4 Rb2 42. Kg3 Rb7 43. Ne5 Rg7+ 44. Kf4 Rg8 45. Nxf3 exf3 46. Rc5 Rf8+ 47. Rf5 Rh8 48. Kxf3 Kg6 49. Rg5+ Kf6 50. Kg4 Ra8 51. Rb5 Ra1 52. Rb6+ Kg7 53. Rb7+ Kh6 54. Rb6+ Kg7 55. Rb3 Kh6 56. Re3 Rg1+ 57. Rg3 Ra1 58. Rg2 Ra2 59. Kg3 Kh5 60. Kh3 Ra3+ 61. Rg3 Ra1 62. Rg5+ Kh6 63. Kg2 Ra2 64. Re5 Ra4 65. Kg3 Kg6 66. f3 Rb4 67. Re4 Rb1 68. Re8 1/2-1/2

[Event "ROM-ch sf"]
[Site "Baile Tusnad"]
[Date "2000.??.??"]
[Round "6"]
[White "Popescu, Daniel Dorin"]
[Black "Stircz, Zoltan"]
[Result "1-0"]
[WhiteElo "2373"]
[BlackElo "2155"]
[PlyCount "73"]
[EventDate "2000.05.??"]
[EventType "swiss"]
[EventRounds "11"]
[EventCountry "ROU"]
[SourceTitle "EXT 2001"]
[Source "ChessBase"]
[SourceDate "2000.11.22"]
[SourceVersion "1"]
[SourceVersionDate "2000.11.22"]
[SourceQuality "1"]

1. e4 c6 2. d4 d5 3. Nd2 dxe4 4. Nxe4 Bf5 5. Ng3 Bg6 6. h4 h6 7. Nf3 Nd7 8. h5 Bh7 9. Bd3 Bxd3 10. Qxd3 Qc7 11. Bd2 e6 12. 0-0-0 0-0-0 13. Qe2 Bd6 14. Rh4 Ngf6 15. c4 c5 16. Ne4 Nxe4 17. Rxe4 Nf6 18. Rh4 cxd4 19. Nxd4 a6 20. Kb1 Bc5 21. Nb3 Rd7 22. Re1 Re8 23. Bc3 Be7 24. Rh3 Rg8 25. Be5 Bd6 26. Bd4 Qc6 27. f3 Re8 28. Bc3 Bc7 29. Rc1 Bf4 30. Rc2 Bc7 31. Rh1 Kb8 32. Bd4 e5 33. Bf2 e4 34. Qe3 Kc8 35. Qa7 Bb8 36. Qa8 Kd8 37. Qxb8+ 1-0

[Event "Bucharest3"]
[Site "Bucharest"]
[Date "2000.??.??"]
[Round "?"]
[White "Popescu, Daniel Dorin"]
[Black "Tantau, Adrian"]
[Result "1-0"]
[WhiteElo "2355"]
[BlackElo "2250"]
[PlyCount "26"]
[EventDate "2000.??.??"]
[EventType "tourn"]
[EventRounds "11"]
[EventCountry "ROU"]
[EventCategory "2"]
[SourceTitle "EXT 2008"]
[Source "ChessBase"]
[SourceDate "2007.11.25"]
[SourceVersion "1"]
[SourceVersionDate "2007.11.25"]
[SourceQuality "1"]

1. e4 c5 2. Nf3 Nc6 3. Bb5 d6 4. 0-0 Bd7 5. c3 Nf6 6. Re1 e5 7. d4 Qc7 8. Nbd2 Be7 9. dxc5 dxc5 10. Nc4 0-0 11. Bg5 Rfd8 12. Bxf6 Bxf6 13. Bxc6 Qxc6 1-0

[Event "ROM-ch sf"]
[Site "Baile Tusnad"]
[Date "2000.??.??"]
[Round "8"]
[White "Popescu, Daniel Dorin"]
[Black "Veneteanu, Ion Cristian"]
[Result "1/2-1/2"]
[WhiteElo "2373"]
[BlackElo "2218"]
[PlyCount "52"]
[EventDate "2000.05.??"]
[EventType "swiss"]
[EventRounds "11"]
[EventCountry "ROU"]
[SourceTitle "EXT 2001"]
[Source "ChessBase"]
[SourceDate "2000.11.22"]
[SourceVersion "1"]
[SourceVersionDate "2000.11.22"]
[SourceQuality "1"]

1. e4 c5 2. Nf3 Nc6 3. d4 cxd4 4. Nxd4 Nf6 5. Nc3 e5 6. Ndb5 d6 7. Bg5 a6 8. Na3 b5 9. Bxf6 gxf6 10. Nd5 Bg7 11. Bd3 Ne7 12. Nxe7 Qxe7 13. c4 f5 14. 0-0 0-0 15. Qe2 Bb7 16. f3 fxe4 17. fxe4 f5 18. Rad1 Kh8 19. Bb1 fxe4 20. Bxe4 Rxf1+ 21. Rxf1 d5 22. cxd5 Bxd5 23. Nb1 Bxe4 24. Qxe4 Rd8 25. h3 Qc5+ 26. Kh1 Qd4 1/2-1/2

[Event "Centrocoop Sept op"]
[Site "Eforie Nord"]
[Date "1999.09.??"]
[Round "?"]
[White "Popescu, Daniel Dorin"]
[Black "Nanu, Ciprian Costica"]
[Result "1/2-1/2"]
[WhiteElo "2365"]
[BlackElo "2420"]
[PlyCount "20"]
[EventDate "1999.09.??"]
[EventType "swiss"]
[EventRounds "11"]
[EventCountry "ROU"]
[SourceTitle "EXT 2004"]
[Source "ChessBase"]
[SourceDate "2003.11.25"]
[SourceVersion "1"]
[SourceVersionDate "2003.11.25"]
[SourceQuality "1"]

1. Nf3 Nf6 2. g3 e6 3. Bg2 b6 4. 0-0 Bb7 5. c4 Be7 6. b3 c5 7. Bb2 0-0 8. d4 cxd4 9. Nxd4 Bxg2 10. Kxg2 Nc6 1/2-1/2

[Event "ROM-ch sf"]
[Site "Baile Tusnad"]
[Date "1999.??.??"]
[Round "4"]
[White "Dominte, Marian"]
[Black "Popescu, Daniel Dorin"]
[Result "1/2-1/2"]
[WhiteElo "2255"]
[BlackElo "2355"]
[PlyCount "38"]
[EventDate "1999.09.??"]
[EventType "swiss"]
[EventRounds "9"]
[EventCountry "ROU"]
[SourceTitle "EXT 2000"]
[Source "ChessBase"]
[SourceDate "1999.11.16"]
[SourceVersion "1"]
[SourceVersionDate "1999.11.16"]
[SourceQuality "1"]

1. d4 Nf6 2. Nf3 g6 3. Bg5 Bg7 4. Nbd2 0-0 5. e4 d6 6. c3 c5 7. dxc5 dxc5 8. Qc2 Qc7 9. Be2 Nh5 10. 0-0 Nf4 11. Bc4 Nc6 12. Rfe1 Kh8 13. Bf1 e5 14. Nc4 Ne6 15. Bh6 f5 16. exf5 Rxf5 17. Nfd2 Rf8 18. Ne4 b6 19. Ncd6 Bd7 1/2-1/2

[Event "Creon op 4th"]
[Site "Creon"]
[Date "1999.??.??"]
[Round "?"]
[White "Dumitrache, Dragos Nicolae"]
[Black "Popescu, Daniel Dorin"]
[Result "1-0"]
[WhiteElo "2426"]
[BlackElo "2365"]
[PlyCount "61"]
[EventDate "1999.??.??"]
[EventType "swiss"]
[EventRounds "9"]
[EventCountry "FRA"]
[SourceTitle "EXT 2001"]
[Source "ChessBase"]
[SourceDate "2000.11.22"]
[SourceVersion "1"]
[SourceVersionDate "2000.11.22"]
[SourceQuality "1"]

1. d4 Nf6 2. c4 g6 3. Nc3 Bg7 4. e4 d6 5. Be2 0-0 6. Nf3 e5 7. 0-0 Nc6 8. d5 Ne7 9. b4 Nh5 10. Re1 Nf4 11. Bf1 h6 12. c5 f5 13. Nd2 g5 14. Nc4 fxe4 15. cxd6 cxd6 16. Nxe4 Nfxd5 17. Ncxd6 Be6 18. Bc4 b5 19. Nxb5 Rc8 20. Qb3 Rxc4 21. Qxc4 Nf4 22. Qc2 Nf5 23. Nc5 Bc8 24. Bxf4 exf4 25. Rad1 Qb6 26. Qc4+ Kh8 27. Ne6 Bxe6 28. Rxe6 Qb7 29. Nd6 Qd7 30. Qd5 Nh4 31. Ne8 1-0

[Event "Agneaux St Lo op 03rd"]
[Site "Agneaux"]
[Date "1999.??.??"]
[Round "4"]
[White "Gicquel, Frederic"]
[Black "Popescu, Daniel Dorin"]
[Result "0-1"]
[WhiteElo "2070"]
[BlackElo "2365"]
[PlyCount "100"]
[EventDate "1999.02.??"]
[EventType "swiss"]
[EventRounds "7"]
[EventCountry "FRA"]
[SourceTitle "EXT 2000"]
[Source "ChessBase"]
[SourceDate "1999.11.16"]
[SourceVersion "1"]
[SourceVersionDate "1999.11.16"]
[SourceQuality "1"]

1. e4 g6 2. d4 Bg7 3. Nc3 c6 4. f4 d5 5. e5 Nh6 6. Nf3 Bg4 7. Be2 Bxf3 8. Bxf3 Nf5 9. 0-0 h5 10. Ne2 e6 11. b3 Qb6 12. Kh1 Bf8 13. c4 Be7 14. Qd3 Na6 15. c5 Qd8 16. Rb1 Nc7 17. b4 b5 18. cxb6 axb6 19. Qc2 Qd7 20. a4 b5 21. a5 Na6 22. Bd2 0-0-0 23. Rfc1 Kb7 24. Rb3 h4 25. Qd3 Rdg8 26. Ng1 f6 27. Nh3 g5 28. fxg5 fxg5 29. Nf2 Rc8 30. Ng4 Qe8 31. Kg1 Qf8 32. Bxd5 exd5 33. Rf1 Nxb4 34. Bxb4 Bxb4 35. Rxf5 Qe7 36. Nf6 Rhd8 37. Rxg5 Bxa5 38. Rh5 Rc7 39. Rh7 Qf8 40. Rxh4 Bb6 41. g4 Ra8 42. g5 Ra1+ 43. Kg2 Qa8 44. Rf4 Qa2+ 45. Kh3 Rg1 46. Ng4 Qg2+ 47. Kh4 Ba5 48. Qf5 Bd2 49. Rff3 Qxg4+ 50. Qxg4 Rh7+ 0-1

[Event "ROM-ch sf"]
[Site "Baile Tusnad"]
[Date "1999.??.??"]
[Round "8"]
[White "Itkis, Boris"]
[Black "Popescu, Daniel Dorin"]
[Result "1-0"]
[WhiteElo "2437"]
[BlackElo "2355"]
[PlyCount "24"]
[EventDate "1999.09.??"]
[EventType "swiss"]
[EventRounds "9"]
[EventCountry "ROU"]
[SourceTitle "EXT 2000"]
[Source "ChessBase"]
[SourceDate "1999.11.16"]
[SourceVersion "1"]
[SourceVersionDate "1999.11.16"]
[SourceQuality "1"]

1. d4 d5 2. c4 Nc6 3. Nf3 Bg4 4. cxd5 Bxf3 5. dxc6 Bxc6 6. Nc3 e6 7. e4 Bb4 8. f3 f5 9. Bd3 Qh4+ 10. g3 Qh3 11. Kf2 Bxc3 12. bxc3 fxe4 1-0

[Event "Bretagne"]
[Site "Bretagne"]
[Date "1999.??.??"]
[Round "6"]
[White "Le Floch, Sebastien"]
[Black "Popescu, Daniel Dorin"]
[Result "1/2-1/2"]
[WhiteElo "2200"]
[BlackElo "2365"]
[PlyCount "46"]
[EventDate "1999.??.??"]
[EventType "tourn"]
[EventRounds "9"]
[EventCountry "FRA"]
[EventCategory "3"]
[SourceTitle "EXT 2000"]
[Source "ChessBase"]
[SourceDate "1999.11.16"]
[SourceVersion "1"]
[SourceVersionDate "1999.11.16"]
[SourceQuality "1"]

1. f4 g6 2. Nf3 Bg7 3. d3 c5 4. e4 Nc6 5. c3 e6 6. Be2 Nge7 7. Be3 d6 8. d4 cxd4 9. Nxd4 0-0 10. Na3 d5 11. e5 a6 12. 0-0 Nb8 13. Nb1 Nd7 14. a4 b6 15. Nd2 Bb7 16. a5 b5 17. N2b3 Qc7 18. Qe1 Rfe8 19. Bd3 Nc6 20. Nxc6 Qxc6 21. Bd4 Rac8 22. Qg3 Qc7 23. h4 f5 1/2-1/2

[Event "Agneaux St Lo op 03rd"]
[Site "Agneaux"]
[Date "1999.??.??"]
[Round "5"]
[White "Molnar, Bela"]
[Black "Popescu, Daniel Dorin"]
[Result "1-0"]
[WhiteElo "2365"]
[BlackElo "2365"]
[PlyCount "74"]
[EventDate "1999.02.??"]
[EventType "swiss"]
[EventRounds "7"]
[EventCountry "FRA"]
[SourceTitle "EXT 2000"]
[Source "ChessBase"]
[SourceDate "1999.11.16"]
[SourceVersion "1"]
[SourceVersionDate "1999.11.16"]
[SourceQuality "1"]

1. e4 e6 2. d4 d5 3. Nc3 Bb4 4. e5 c5 5. a3 Bxc3+ 6. bxc3 Ne7 7. h4 b6 8. h5 h6 9. Qg4 Kf8 10. Rh3 Ba6 11. Bxa6 Nxa6 12. Rf3 Qd7 13. Ne2 Rc8 14. a4 Kg8 15. Kd1 cxd4 16. cxd4 Rc4 17. Qf4 Qe8 18. a5 b5 19. Rb1 Nb8 20. Rxb5 Qxb5 21. Qxf7+ Kh7 22. Rf6 Nf5 23. Rxe6 Rhc8 24. Qxf5+ Kh8 25. Bxh6 Qb1+ 26. Bc1 Rxc2 27. Re8+ Rxe8 28. Qxc2 Qb5 29. h6 Nc6 30. Qg6 Re7 31. Bg5 Qa4+ 32. Kd2 Qb4+ 33. Ke3 Nxe5 34. hxg7+ Kg8 35. dxe5 Rxe5+ 36. Kf3 Qe4+ 37. Qxe4 dxe4+ 1-0

[Event "Agneaux St Lo op 03rd"]
[Site "Agneaux"]
[Date "1999.??.??"]
[Round "2"]
[White "Popescu, Daniel Dorin"]
[Black "Coeuret, Olivier"]
[Result "1/2-1/2"]
[WhiteElo "2365"]
[BlackElo "1920"]
[PlyCount "63"]
[EventDate "1999.02.??"]
[EventType "swiss"]
[EventRounds "7"]
[EventCountry "FRA"]
[SourceTitle "EXT 2000"]
[Source "ChessBase"]
[SourceDate "1999.11.16"]
[SourceVersion "1"]
[SourceVersionDate "1999.11.16"]
[SourceQuality "1"]

1. e4 e5 2. Nf3 Nf6 3. Nc3 Bb4 4. Nxe5 0-0 5. Be2 Re8 6. Nd3 Bxc3 7. dxc3 Nxe4 8. Nf4 d6 9. 0-0 Nc6 10. Nd5 Ne7 11. c4 c6 12. Nxe7+ Qxe7 13. Bf3 Bf5 14. Qd4 Qf6 15. c3 Qxd4 16. cxd4 d5 17. cxd5 cxd5 18. Bf4 g5 19. Be3 g4 20. Be2 Rac8 21. Rfc1 Nd6 22. b3 Bd7 23. a4 h5 24. Rc5 Rxc5 25. dxc5 Nf5 26. Bb5 Bc6 27. Bd2 Nd4 28. Bxc6 bxc6 29. Rb1 Re2 30. Bc3 Ne6 31. b4 d4 32. Be1 1/2-1/2